[Event "CRO-chT3 Center-A"]
[Site "Zagreb"]
[Date "2011.10.02"]
[Round "7.25"]
[White "Vukusic, Marin"]
[Black "Kolmanic, Zvonko"]
[Result "1-0"]
[WhiteElo "2126"]
[BlackElo "2054"]
[PlyCount "61"]
[EventDate "2011.03.13"]
[EventType "team-tourn"]
[EventRounds "11"]
[EventCountry "CRO"]
[SourceTitle "EXT 2014"]
[Source "ChessBase"]
[SourceDate "2013.11.20"]
[SourceVersion "1"]
[SourceVersionDate "2013.11.20"]
[SourceQuality "1"]

1. b3 e5 2. Bb2 Nc6 3. e3 g6 4. f4 d6 5. Bb5 Bd7 6. Nf3 Bg7 7. 0-0 f6 8. c4 Nge7 9. fxe5 dxe5 10. d4 exd4 11. exd4 0-0 12. d5 Nb8 13. Bxd7 Nxd7 14. Nd4 Rf7 15. Ne6 Qc8 16. Nc3 Nf8 17. Nxg7 Kxg7 18. Ne4 Ng8 19. Qf3 Qd8 20. Rad1 h6 21. Nc5 Qd6 22. Bd4 b6 23. Ne4 Qd8 24. h4 Nd7 25. h5 Rf8 26. Qg4 Qe8 27. Rde1 Ne5 28. Qg3 g5 29. Nxf6 Nxf6 30. Rxe5 Qd7 31. Ref5 1-0

[Event "CRO-chT3A Center"]
[Site "Zagreb"]
[Date "2010.10.24"]
[Round "8.64"]
[White "Livaic, Damir"]
[Black "Kolmanic, Zvonko"]
[Result "0-1"]
[WhiteElo "2059"]
[BlackElo "2036"]
[PlyCount "64"]
[EventDate "2010.03.21"]
[EventType "team-tourn"]
[EventRounds "11"]
[EventCountry "CRO"]
[SourceTitle "EXT 2012"]
[Source "ChessBase"]
[SourceDate "2011.11.24"]
[SourceVersion "1"]
[SourceVersionDate "2011.11.24"]
[SourceQuality "1"]

1. d4 d5 2. c4 e6 3. Nc3 Nf6 4. Bg5 Nbd7 5. e3 c6 6. Nf3 Qa5 7. Bxf6 Nxf6 8. Qc2 Bb4 9. Nd2 Bd7 10. Be2 Rc8 11. c5 Qd8 12. a3 Ba5 13. 0-0 Bc7 14. f4 0-0 15. Nf3 Ne8 16. Ng5 g6 17. Bg4 Qe7 18. b4 Ng7 19. Be2 f6 20. Nf3 e5 21. Qd2 Rce8 22. b5 exf4 23. exf4 Qe3+ 24. Qxe3 Rxe3 25. bxc6 bxc6 26. Rfc1 Ba5 27. Rab1 Bxc3 28. Kf2 Rfe8 29. Ne5 Bxd4 30. Nxd7 Rxe2+ 31. Kf1 Rf2+ 32. Kg1 Ree2 0-1

[Event "CRO-chT3A Center"]
[Site "Zagreb"]
[Date "2010.04.25"]
[Round "6.61"]
[White "Malada, Vinko"]
[Black "Kolmanic, Zvonko"]
[Result "1-0"]
[WhiteElo "2301"]
[BlackElo "2036"]
[PlyCount "53"]
[EventDate "2010.03.21"]
[EventType "team-tourn"]
[EventRounds "11"]
[EventCountry "CRO"]
[SourceTitle "EXT 2012"]
[Source "ChessBase"]
[SourceDate "2011.11.24"]
[SourceVersion "1"]
[SourceVersionDate "2011.11.24"]
[SourceQuality "1"]

1. d4 d5 2. c4 e6 3. Nf3 Nf6 4. g3 c6 5. Bg2 Bd6 6. 0-0 Nbd7 7. Nc3 0-0 8. Nd2 Bc7 9. e4 dxc4 10. Nxc4 b6 11. b3 Bb7 12. e5 Nd5 13. Ne4 Rb8 14. Ba3 Ne7 15. Qh5 f6 16. Bh3 g6 17. Bxe6+ Kh8 18. Qh3 c5 19. Ncd6 Bxd6 20. Nxd6 Nf5 21. Nxf5 gxf5 22. Bxf5 Rf7 23. e6 Ne5 24. dxe5 Qd5 25. f3 Qd4+ 26. Kg2 Qd2+ 27. Rf2 1-0